| 000 | 00495nam a2200181Ia 4500 | ||
|---|---|---|---|
| 005 | 20250923144631.0 | ||
| 008 | 008 250917s9999 xx 000 0 eng d | ||
| 037 | _aTextual | ||
| 040 |
_aDSWL _beng _cDSWL |
||
| 041 |
_aeng _2eng |
||
| 084 |
_aX, J02 _qDSWL |
||
| 100 |
_aHicks, J.R. _9826843 |
||
| 245 | 0 |
_aSocial framework _cby J.R.Hicks |
|
| 260 |
_bOxford The Clarendon Press _c1952 |
||
| 300 | _axiii,283p. | ||
| 942 |
_cTEXL _hX, J02 |
||
| 999 |
_c1441451 _d1441451 |
||